| 000 | 00877nam a22002417a 4500 | ||
|---|---|---|---|
| 999 |
_c8016 _d8016 |
||
| 003 | AR-CdUCM | ||
| 008 | 190322b ||||| |||| 00| 0 spa d | ||
| 040 |
_aMUNICIPALIDAD PROVINCIAL DEL CUSCO _cBIBLIOTECA MUNICIPAL DEL CUSCO |
||
| 082 |
_a508.2 / _bJ43 |
||
| 100 |
_aJervis, Derek _922649 |
||
| 245 | _aLas estaciones / | ||
| 260 |
_aSalamanca : _bAnaya, _c1971. |
||
| 300 |
_a48 páginas ; _bilustraciones, figuras, _c21 cm. |
||
| 440 |
_aLa ciencia al descubierto. _922629 |
||
| 505 | _aContenido: La región y las estaciones -- El sol -- La rotación de la tierra -- La primavera -- El verano -- El otoño ... | ||
| 650 |
_aLas estaciones _922650 |
||
| 650 |
_aRotación de la tierra _922651 |
||
| 650 |
_aRotación del Sol _922652 |
||
| 700 |
_aRowlan Kurt (director) _922653 |
||
| 700 |
_aBeakles, Joan (ilustración) _922654 |
||
| 942 |
_2ddc _cLIBROS |
||
| 945 | _aachl | ||